| 000 | 00497nam a2200157Ia 4500 | ||
|---|---|---|---|
| 008 | 181130s2018 xx 000 0 und d | ||
| 100 | _aJain, Monica | ||
| 245 |
_aA vaccination for education: _bearly childhood development programme and the education of older girls in rural India |
||
| 260 | _c2018 | ||
| 300 | _ap.153-173. | ||
| 504 | _dJan | ||
| 650 | _aGirls education - India, Rural | ||
| 650 | _aGirls education | ||
| 773 | _aJournal of Development Studies | ||
| 906 | _aGirls education | ||
| 999 |
_c506436 _d506436 |
||